01041cam a22002897a 450000500170000000800410001701000100005801100100006803500100007809000090008810000290009724501040012650000770023059000410030759000410034859000410038959000410043059000420047165000330051365000430054665000470058970000260063670000230066290100070068594900420069299900170073420220329141148.0971010s r 00010 d a63659 a64631 a70534 aR-4900aGrove, Thurman L.950835 0aRelating nutrient and water uptake models to biotic interactions, nutrient cycling and plant growth aSobretiro de: Agriculture, Ecosystems and Environment 24: 361-368, 1988. aBATCH-UPDb10c20130110lUCH01h0207 aBATCH-UPDb10c20130110lUCH01h0810 aBATCH-UPDb10c20130410lUCH01h1031 aBATCH-UPDb10c20130914lUCH01h0745 aCONVERSIONb10c20130109lUCH01h133414aDiagnóstico foliar.93239414aPlantasxCrecimientoxAditivos.98880414aPlantasxEfecto del medio ambiente.9888210 aBouldin, D. R.9147540 aRiha, S. J.997417 aBK aR-49bZAcLIBROd-2890eTS1i70534si c63659d63659